Mirchi mandakki samputa 1 (Record no. 122379)
[ view plain ]
| 000 -LEADER | |
|---|---|
| fixed length control field | 01332nam a2200265Ia 4500 |
| 003 - CONTROL NUMBER IDENTIFIER | |
| control field | OSt |
| 005 - DATE AND TIME OF LATEST TRANSACTION | |
| control field | 20251114093735.0 |
| 008 - FIXED-LENGTH DATA ELEMENTS--GENERAL INFORMATION | |
| fixed length control field | 210210b2017 xxu||||| |||| 00| 0 eng d |
| 040 ## - CATALOGING SOURCE | |
| Transcribing agency | AL |
| 041 ## - LANGUAGE CODE | |
| Language code of text/sound track or separate title | Kannada |
| 082 ## - DEWEY DECIMAL CLASSIFICATION NUMBER | |
| Classification number | K894.4 PRIM |
| 100 ## - MAIN ENTRY--PERSONAL NAME | |
| Personal name | PRITI NAGARAJA |
| Dates associated with a name | ಪ್ರೀತಿ ನಾಗರಾಜ್ |
| 9 (RLIN) | 245503 |
| 245 ## - TITLE STATEMENT | |
| Title | Mirchi mandakki samputa 1 |
| Remainder of title | ಮಿರ್ಚಿ ಮಂಡಕ್ಕಿ: ಅಂಕಣ ಬರಹಗಳು 1 |
| 260 ## - PUBLICATION, DISTRIBUTION, ETC. | |
| Place of publication, distribution, etc. | Bengaluru |
| Name of publisher, distributor, etc. | - |
| Date of publication, distribution, etc. | 2017 |
| 300 ## - PHYSICAL DESCRIPTION | |
| Extent | xiv,258 |
| 440 ## - SERIES STATEMENT/ADDED ENTRY--TITLE | |
| Title | 1 |
| 9 (RLIN) | 245504 |
| 520 ## - SUMMARY, ETC. | |
| Summary, etc. | ರ್ಚಿ ಮಂಡಕ್ಕಿ -ಕೃತಿಯು ಪ್ರಜಾವಾಣಿ ಪತ್ರಿಕೆಯ ಕಾಮನಬಿಲ್ಲು ಪುರವಣಿಯಲ್ಲಿ ಪ್ರಕಟವಾದ ಪ್ರೀತಿ ನಾಗರಾಜ ಅವರ ಅಂಕಣ ಬರಹಗಳ ಸಂಕಲನವಾಗಿದೆ. ಲವಲವಿಕೆಯ ಬರಹಗಳ ಮೂಲಕ ಪರಿಚಿತರಾಗಿರುವ ಪ್ರೀತಿ ಅವರು ಈ ಕೃತಿಯಲ್ಲಿ ಸಾಂದರ್ಭಿಕ ವಿಷಯಗಳ ಕುರಿತು ಲೇಖನಗಳನ್ನು ಬರೆದಿದ್ದಾರೆ |
| 650 ## - SUBJECT ADDED ENTRY--TOPICAL TERM | |
| Topical term or geographic name entry element | samputa |
| 9 (RLIN) | 245505 |
| 650 ## - SUBJECT ADDED ENTRY--TOPICAL TERM | |
| Topical term or geographic name entry element | Mirchi |
| 9 (RLIN) | 245506 |
| 650 ## - SUBJECT ADDED ENTRY--TOPICAL TERM | |
| Topical term or geographic name entry element | mandakki |
| 9 (RLIN) | 245507 |
| 650 ## - SUBJECT ADDED ENTRY--TOPICAL TERM | |
| Topical term or geographic name entry element | 1 |
| 9 (RLIN) | 245508 |
| 690 ## - LOCAL SUBJECT ADDED ENTRY--TOPICAL TERM (OCLC, RLIN) | |
| Topical term or geographic name as entry element | Kannada Prose |
| 9 (RLIN) | 245509 |
| 906 ## - LOCAL DATA ELEMENT F, LDF (RLIN) | |
| a | 072357 |
| 942 ## - ADDED ENTRY ELEMENTS (KOHA) | |
| Source of classification or shelving scheme | Dewey Decimal Classification |
| Koha item type | Book |
| Withdrawn status | Lost status | Source of classification or shelving scheme | Damaged status | Not for loan | Collection code | Home library | Current library | Shelving location | Date acquired | Source of acquisition | Cost, normal purchase price | Total Checkouts | Full call number | Barcode | Date last seen | Price effective from | Koha item type |
|---|---|---|---|---|---|---|---|---|---|---|---|---|---|---|---|---|---|
| Dewey Decimal Classification | Kannada | St Aloysius Library | St Aloysius Library | 02/17/2021 | Navakarnataka Publication Pvt Ltd., Mangalore. | 220.00 | K894.4 PRIM | 072357 | 02/17/2021 | 02/17/2021 | Book |